MDQL
is popping MORE tags! Check the
thread
!
Quizzes
Events
Quiz Creation
Community
Videos
Private Events
Remove Ads
Sign In
Join for FREE
Feedback
Dark Mode
Quiz Categories
Sports
Geography
Music
Movies
Television
Just For Fun
Miscellaneous
History
Literature
Language
Science
Gaming
Entertainment
Religion
Holiday
For Kids
Quiz Lab
Recent
Popular Today
Quiz Kudos Today
Editor Picks
Curator Picks
Quizzes by...
Day
Popularity
Type
Ratings
Length
Year
Community
Subscriptions
Recent Discussions
Orange Saloon
Badges
Playlists
Quests
Create
Leaderboards
Showdown
Live 5
Trivia Bingo
Activity
Puzzle Library
Sporcle Events
Private Events
Virtual Trivia
Globe League
Become a Host
Pub Owners
SporcleCon
Opinionation
Our Games
Videos
Blog
Mobile Apps
Partnerships
Remove Ads and Go Orange
Feedback
Miscellaneous
Crossword
General Knowledge
Baby Names
Logo
Food
Cars
Numbers
Grab Bag
University
College
Popular
Company
Slogans
Restaurants
Justice
Letter
Miscellaneous
Crossword
General Knowledge
Baby Names
Logo
Food
Cars
Numbers
Grab Bag
University
College
Popular
Company
Slogans
Restaurants
Justice
Letter
Random Quiz
Search Sporcle
×
Quiz Lab
Quiz Lab
Miscellaneous
description
Type in answers that appear in a list
Type in answers that appear in a list
Classic
Best Score? Go Orange.
FRCP 38-53 (Trials) Stats
Can you name the FRCP 38-53 (Trials)?
By
aggiesrule413
8m
17 Questions
2 Plays
2 Plays
2 Plays
Comments
Comments
Give Quiz Kudos
Give Quiz Kudos
-
- Ratings
hide this ad
Forced Order
Answers have to be entered in order
Answers have to be entered in order
Replay
Link that replays current quiz
Next Quiz
Link to next quiz in quiz playlist
You Got
0%
They Got
Avg Score
52%
Avg Friend Score
Upgrade to see
Score Distribution
Jump to the score distribution portion of the page
Score
0/17
Timer
08:00
0
Plays Today
Rule Number
Description
% Correct
Rule 38
Right to a Jury Trial
100%
Rule 39
Trial by Jury or by the Court
50%
Rule 40
Scheduling Cases for Trial
50%
Rule 41
Dismissal of Actions
50%
Rule 42
Consolidation; Separate Trials
50%
Rule 43
Taking Testimony
50%
Rule 44
Proving an Official Record
50%
Rule 44.1
Determining Foreign Law
50%
Rule 45
Subpoena
50%
Rule Number
Description
% Correct
Rule 46
Objecting to a Ruling or Order
50%
Rule 47
Selecting Jurors
50%
Rule 48
Number of Jurors
50%
Rule 49
Special Verdict; General Verdict and Questions
50%
Rule 50
Judgement as a Matter of Law in a Jury Trial
50%
Rule 51
Instructions to the Jury
50%
Rule 52
Findings and Conclusions by the Court
50%
Rule 53
Masters
50%
Quiz Playlist
Details
Report
Send in Message
Add To Playlist
Classic:
Type in answers that appear in a list
Forced Order:
Answers have to be entered in order
Last Updated: Feb 16, 2017
Quiz Scoreboard
CHALLENGE
Sign Up to Join the Scoreboard
Show All
Scores
Hide
Comments
May contain spoilers
Recently Published
Holiday 10x10 Sorting Gallery
by lukepisani3
Holiday
15m
Two Season TV Shows II
by 123Four
Television
10m
Image Sorting: Flags VI
by Barbecue
Geography
2m
More to Explore
Quiz From the Vault
Featured Blog Post
14 Easter Pick-up Lines to Find Eggs With
hide this ad
You Might Also Like...
Tags
description
Extra
rule
trial
Today's Top Quizzes in Miscellaneous
Browse Miscellaneous
hide this ad
Today's Top Quizzes in description
Browse description
Top Contributed Quizzes in Miscellaneous
1
The JOE quick-fire general knowledge quiz: Day 174
2
9x9 Crossword: Disney Movie Titles
3
The JOE quick-fire general knowledge quiz: Day 173
4
5-to-1: Fast Food
5
9x9 Crossword: Charlie and the Chocolate Factory
6
9x9 Crossword: The Simpsons
7
9x9 Crossword: Flags
8
9x9 Crossword: Actors
9
9x9 Crossword: 2022 Movies
10
9x9 Crossword: Pixar Movie Titles
Explore More
Trending Topics
Crossword
Anime
NBA
Harry Potter
Disney
Marvel
Kpop
Soccer
The Office
Pokémon
Country
WWE
Song
Puzzle
NFL
hide this ad
More By:
aggiesrule413
Quiz
Plays
Rating
Category
Featured
Created
FRCP 1-16 (Scope, Commencing Action, Pleadings/Motions)
23
Miscellaneous
Oct 27, 2011
FRCP 17-25 (Parties)
7
Miscellaneous
Oct 27, 2011
FRCP 26-37 (Disclosures and Discovery)
5
Miscellaneous
Oct 27, 2011
FRCP 54-71 (Judgement, Provisional and Final Remedies)
2
Miscellaneous
Oct 27, 2011
FRCP 71.1-86 (Special Proc., Dist. Courts/Clerks, Gen. Prov)
2
Miscellaneous
Oct 27, 2011
Go to Creator's Profile
Score Distribution
Quiz Creator Spotlight
aggiesrule413
Follow
Send a Message
Quizzes Created
-
Created Quiz Play Count
-
More By This Creator
Popular Quizzes Today
1
Find the US States - No Outlines Minefield
2
Colored Red Africa Blitz
3
Find the 'City' Movie
4
The Countries of the World
5
5x2 Blitz: Bands
6
Find the Countries of Europe - No Outlines Minefield
7
Find the US States
8
US States
More Miscellaneous Quizzes
Click a Bob
Published
Trending Quizzes
Colored Red Europe Blitz I
Colored Red Europe Blitz II
Colored Red Africa Blitz II
Colored Red Europe Blitz III
Colored Red Africa Blitz III
Recently Updated
Odd Team Out - Big 4 Players
pecheneg
Quick Pick: 20 Twenties
pecheneg
March Madness Men's Triple Doubles
pecheneg
How Do You Spell That?
pecheneg
Godzilla Movies
pecheneg
Grab Bag: 4-10 Letters
pecheneg
2024 March Madness Bracket
pecheneg
Famous TV Couples
Peacemaker
Champions League XIs: Real Madrid
pecheneg
Largest US Cities 1790-2010
pecheneg
Trending Topics
Harry Potter
Crossword
Kpop
Marvel
Disney
Anime
NBA
WWE
Pokémon
Puzzle
NFL
The Office
Country
Song
Soccer
Your Account Isn't Verified!
In order to create a playlist on Sporcle, you need to verify the email address you used during registration. Go to your
Sporcle Settings
to finish the process.
Report this User
Report this user for behavior that violates our
Community Guidelines
.
Details:
Send Report
Go to the Sporcle.com Mobile Site →
Comments